PEDIATRIC IMAGING (Record no. 8423)

MARC details
000 -LEADER
fixed length control field 00324nam a22001457a 4500
003 - CONTROL NUMBER IDENTIFIER
control field SGT
020 ## - INTERNATIONAL STANDARD BOOK NUMBER
International Standard Book Number 13:978-1-60831-856-8
082 ## - DEWEY DECIMAL CLASSIFICATION NUMBER
Classification number 618.92, P13T
100 ## - MAIN ENTRY--PERSONAL NAME
Personal name THAPA, MAHESH
245 ## - TITLE STATEMENT
Title PEDIATRIC IMAGING
260 ## - PUBLICATION, DISTRIBUTION, ETC. (IMPRINT)
Place of publication, distribution, etc PHILADELPHIA
Name of publisher, distributor, etc WOLTERS KLUWER
Year of Publication 2013
300 ## - PAGE DESCRIPTION
No. of Pages 512
650 ## - SUBJECT ADDED ENTRY--TOPICAL TERM
Topical term or geographic name as entry element PEDIATRIC
942 ## - ADDED ENTRY ELEMENTS (KOHA)
Source of classification or shelving scheme Dewey Decimal Classification
Koha item type Books
Holdings
Withdrawn status Lost status Source of classification or shelving scheme Damaged status Not for loan Collection code Home library Current library Shelving location Date acquired Vendor Name Cost, normal purchase price SGTU Bill Number Total Checkouts Full call number Accession No. (Barcode) Date last seen Bill Date Koha item type
    Dewey Decimal Classification     MEDICAL SGT Medical Library SGT Medical Library Reference Book 15/03/2016 AHUJA BOOK COMPANY 5502.00 SGTU 5978   618.92, P13T FM7465 15/03/2016 14/08/2015 Books